MODERN BUSINESS ENGLISH (Record no. 161737)

MARC details
000 -LEADER
fixed length control field 00483nam a2200169Ia 4500
008 - FIXED-LENGTH DATA ELEMENTS--GENERAL INFORMATION
fixed length control field 090124s9999 xx 000 0 und d
082 ## - DEWEY DECIMAL CLASSIFICATION NUMBER
Item number 115646
100 ## - MAIN ENTRY--PERSONAL NAME
Personal name "ROY DAVIS, H.LINGHAM, WILLIAM H.STONE"
245 ## - TITLE STATEMENT
Title MODERN BUSINESS ENGLISH
250 ## - EDITION STATEMENT
Edition statement 1
300 ## - PHYSICAL DESCRIPTION
Extent 516
600 ## - SUBJECT ADDED ENTRY--PERSONAL NAME
Personal name "ROY DAVIS, H.LINGHAM, WILLIAM H.STONE"
630 ## - SUBJECT ADDED ENTRY--UNIFORM TITLE
Uniform title MODERN BUSINESS ENGLISH
700 ## - ADDED ENTRY--PERSONAL NAME
Personal name "ROY DAVIS, H.LINGHAM, WILLIAM H.STONE"
730 ## - ADDED ENTRY--UNIFORM TITLE
Uniform title MODERN BUSINESS ENGLISH
942 ## - ADDED ENTRY ELEMENTS (KOHA)
Koha item type Book
Holdings
Withdrawn status Lost status Damaged status Not for loan Home library Current library Date acquired Cost, normal purchase price Total Checkouts Full call number Barcode Date last seen Cost, replacement price Price effective from Koha item type
        Marathi Granth Sangrahalaya,Thane Marathi Granth Sangrahalaya,Thane   5.00   115646 THNMGS-115646 01/24/2009 5.00 01/24/2009 Book